000 nkm a22 a 4500
999 _c399304
_d399304
003 BLK
005 20221208031035.0
008 210226b bu ||||| |||| 00| 0 bu d
040 _aBLK
041 _aBUL
_cBUL
080 _aОрганизация на труда. Вж и 651 ; 658
_b331.103
_x(497.2-664)(084.2)
_z331.103(497.2-664)(084.2)
100 _91299
_aЦенов, Ангел Маринов
_eпърви автор
139 _aЦенов, Ангел Маринов и др.
245 _aСоциалистическа организация на труда в системата на здравното обслужване [Изобразителен материал]
_bкомплект нагледни материали
_cАнгел Ценов, Кръстьо Опров, Божидар Дулевски ; ред. Лилия Мартинова
_h
260 _9210539
_aСофия
_bСептември
_c1980
_n954-406-
300 _a1 папка (31 отд. цв. л. сх., табл., к.)
_c41 х 31 см
380 _a3
650 0 _9428224
_aПрозводителност на труда – промишленост
653 7 _9192915
_aорганизация на труда
653 7 _9187490
_aикономически методи
653 7 _9186902
_aздравеопазване
700 _aОпров, Кръстьо Геориев
_eсъавт.
_91445
700 _aДулевски, Божидар
_eсъавт.
_91445
852 _aЦб ІІІ 148
_bЦб
942 _2udc
_cGRA
_n0
_s1
944 _aCR
_c2021-02-26
_kГГГ